Normal view MARC view

Entry Personal Name

Number of records used in: 1

001 - CONTROL NUMBER

  • control field: 1134244

003 - CONTROL NUMBER IDENTIFIER

  • control field: OSt

005 - DATE AND TIME OF LATEST TRANSACTION

  • control field: 20260320201111.0

008 - FIXED-LENGTH DATA ELEMENTS

  • fixed length control field: 260320|| aca||aabn | a|a d

040 ## - CATALOGING SOURCE

  • Original cataloging agency: OSt
  • Transcribing agency: OSt

100 ## - HEADING--PERSONAL NAME

  • Personal name: Baggi

670 ## - SOURCE DATA FOUND

  • Source citation: Work cat.: (OSt)1718878: Baggi, Music Navigation with Symbols and Layers: Toward Content Browsing with IEEE 1599 XML Encoding
Copyright @ Delhi University Library System